|
|
|
|
| LEADER |
00971nam a2200253 a 4500 |
| 001 |
000030224 |
| 003 |
CZ BrMZK |
| 005 |
20060926143849.0 |
| 007 |
ta |
| 008 |
950313s1995 xr f cze d |
| 020 |
|
|
|a 80-7084-127-3
|
| 040 |
|
|
|a BOA001
|b cze
|
| 080 |
|
|
|a 63(437.1)(047.1)
|2 MRF
|
| 245 |
0 |
0 |
|a Komoditní situační a výhledové zprávy České republiky /
|c [Marie Hrubá ... [et al.]]
|
| 260 |
|
|
|a Praha :
|b Ministerstvo zemědělství ČR,
|c 1995
|
| 300 |
|
|
|a 191 s. :
|b obr. ;
|c 29 cm
|
| 653 |
0 |
|
|a komodity
|a Česko
|a české zemědělství
|
| 700 |
1 |
|
|a Hrubá, Marie
|7 ola2002153622
|4 aut
|
| 710 |
2 |
|
|a Výzkumný ústav zemědělské ekonomiky
|7 kn20030407001
|
| 710 |
1 |
|
|a Česko.
|b Ministerstvo zemědělství
|7 kn20010725025
|
| 910 |
|
|
|a BOA001
|b 4-1010.857
|
| 964 |
|
|
|a Zemědělství
|y Česko
|x zprávy situační
|x zprávy výhledové
|
| 990 |
|
|
|a BK
|
| 996 |
7 |
|
|b 2610023683
|c 4-1010.857
|l MZK
|r Sklad / do 1 hodiny
|n 6
|p p.v.
|w 000030224
|u 000010
|a 1
|e BOA001
|j MZK50
|s A
|